Con el ánimo caliente: otras procesiones van por dentro
Analiza la situación que atraviesa la sociedad costarricense durante enero a marzo de 1988, período durante el cual, se generan una serie de movimientos sociales en contra de la política gubernamental, sobre todo ante el costo de la vida. También se reflejan los conflictos que acarrean la corrupción...
Сохранить в:
| Формат: | Текст |
|---|---|
| Предметы: | |
| Метки: |
Добавить метку
Нет меток, Требуется 1-ая метка записи!
|
MARC
| LEADER | 00000 a a2200000 04500 | ||
|---|---|---|---|
| 001 | 8645 | ||
| 003 | |||
| 040 | |||
| 245 | |a Con el ánimo caliente: |b otras procesiones van por dentro | ||
| 520 | |a Analiza la situación que atraviesa la sociedad costarricense durante enero a marzo de 1988, período durante el cual, se generan una serie de movimientos sociales en contra de la política gubernamental, sobre todo ante el costo de la vida. También se reflejan los conflictos que acarrean la corrupción y el narcotráfico. SM/EL | ||
| 650 | |a CONFLICTOS SOCIALES | ||
| 650 | |a PROBLEMAS SOCIALES | ||
| 650 | |a POLITICA ECONOMICA | ||
| 650 | |a MOVIMIENTOS SOCIALES | ||
| 650 | |a CORRUPCION | ||
| 650 | |a GOBIERNO | ||
| 773 | |g volumen 4, número 32; páginas 4-9 | ||
| 999 | |c 36277 |d 36277 | ||
